Statistics for English Football Clubs That Are "A.F.C."

Click here to take the quiz!

General Stats

  • This quiz has been taken 349 times
    (91 since last reset)
  • The average score is 4 of 15

Answer Stats

Clubs% Correct
A Fans' ClubWimbledon
87%
Athletic Football ClubBournemouth
84%
SunderlandAssociation Football Club
47%
WrexhamAssociation Football Club
31%
Bradford CityAssociation Football Club
26%
Swansea CityAssociation Football Club
25%
Newport CountyAssociation Football Club
21%
Huddersfield TownAssociation Football Club
19%
Oldham AthleticAssociation Football Club
19%
Association Football ClubFylde
18%
Hull CityAssociation Football Club
16%
RochdaleAssociation Football Club
16%
Football ClubHalifax Town
14%
BarrowAssociation Football Club
12%
Harrogate TownAssociation Football Club
7%

Score Distribution

Percentile by Number Answered

Percent of People with Each Score

Your Score History

You have not taken this quiz since the last reset